[Event "Challenge"]
[Site "http://www.queenalice.com/game.php?id=960782"]
[Date "2011.7.15"]
[Round "-"]
[White "eddval"]
[Black "cklasa"]
[Result "0-1"]
[WhiteElo "2148"]
[BlackElo "2189"]

1. e4 e6 2. d4 d5 3. Nd2 Nf6 4. e5 Ne4 5. Nxe4 dxe4 6. c3 c5 7. Bb5+ Bd7 8.
Bxd7+ Qxd7 9. Ne2 Nc6 10. O-O cxd4 11. cxd4 Be7 12. Be3 O-O 13. Qc2 Rfd8 14.
Qxe4 Qd5 15. Qxd5 Rxd5 16. Rfd1 Bb4 17. Rac1 Rad8 18. f4 f6 19. Kf2 fxe5 20.
fxe5 Nxe5 21. Nf4 Ng4+ 22. Kf3 Nxe3 23. Kxe3 R5d6 24. Rc7 e5 25. Nh5 exd4+ 26.
Kd3 R6d7 27. Rxd7 Rxd7 28. Kc4 Bd6 29. g3 Be5 30. Re1 d3 31. b4 d2 32. Rd1 Rd4+
33. Kb3 g5 34. a3 Kf7 35. h3 Rd3+ 36. Kc4 Rc3+ 37. Kb5 Bxg3 38. Nxg3 Rxg3 39.
Rxd2 Rxh3 40. Rd7+ Kg6 41. a4 g4 42. Rxb7 g3 43. Rxa7 g2 44. Ra8 Kf7 45. Ra7+
Kf6 46. Ra6+ Ke5 0-1

[Event "AUTO-MASTER-1387"]
[Site "http://www.queenalice.com/game.php?id=964229"]
[Date "2011.7.24"]
[Round "2"]
[White "cklasa"]
[Black "Islander"]
[Result "1/2-1/2"]
[WhiteElo "2293"]
[BlackElo "2262"]

1. e4 d5 2. exd5 Nf6 3. Bb5+ Bd7 4. Bc4 Bg4 5. Nf3 Nxd5 6. h3 Bh5 7. d4 e6 8.
O-O Be7 9. Bd2 O-O 10. Nc3 Nc6 11. g4 Bg6 12. Bb3 Bf6 13. Nxd5 exd5 14. c3 Be4
15. Bf4 Na5 16. Ne5 Nxb3 17. Qxb3 b6 18. Kh2 Bxe5 19. Bxe5 1/2-1/2

[Event "AUTO-MASTER-1387"]
[Site "http://www.queenalice.com/game.php?id=964230"]
[Date "2011.7.24"]
[Round "2"]
[White "Islander"]
[Black "cklasa"]
[Result "0-1"]
[WhiteElo "2274"]
[BlackElo "2281"]

1. e4 c6 2. d4 d5 3. Nc3 dxe4 4. Nxe4 Bf5 5. Ng3 Bg6 6. Bc4 e6 7. N1e2 Nf6 8. h4
h6 9. Nf4 Bh7 10. c3 Bd6 11. Qe2 O-O 12. Ngh5 Nbd7 13. Be3 e5 14. dxe5 Nxe5 15.
O-O-O Ne4 16. f3 Nxc3 0-1

[Event "AUTO-MASTER-1387"]
[Site "http://www.queenalice.com/game.php?id=964231"]
[Date "2011.7.24"]
[Round "2"]
[White "cklasa"]
[Black "trompmaster"]
[Result "1-0"]
[WhiteElo "2222"]
[BlackElo "2245"]

1. e4 e6 2. d4 d5 3. Nd2 Nf6 4. e5 Nfd7 5. Bd3 c5 6. c3 Nc6 7. Ne2 cxd4 8. cxd4
f6 9. exf6 Nxf6 10. O-O Bd6 11. Nf3 Qc7 12. h3 O-O 13. Bg5 h6 14. Bd2 Bd7 15.
Qc2 Rac8 16. Rac1 Be8 17. Qb3 Qb8 18. Nh4 Ne7 19. Rxc8 Qxc8 20. Rc1 Qb8 21. Bb4
b6 22. Qa3 Bxb4 23. Qxb4 Qd8 24. Nf3 Nh5 25. Qd2 Qd6 26. Ne5 g5 27. Qc2 Nf4 28.
Nxf4 Rxf4 29. Qc3 Nf5 30. Bxf5 Rxf5 31. Qc8 Rf8 32. Rc7 a5 33. Qb7 Rf4 34. Rg7+
Kf8 35. Rh7 1-0

[Event "AUTO-MASTER-1387"]
[Site "http://www.queenalice.com/game.php?id=964232"]
[Date "2011.7.24"]
[Round "2"]
[White "trompmaster"]
[Black "cklasa"]
[Result "0-1"]
[WhiteElo "2263"]
[BlackElo "2247"]

1. d4 Nf6 2. Nf3 d5 3. e3 e6 4. Bd3 c5 5. b3 Nc6 6. O-O Be7 7. Bb2 O-O 8. Nbd2
cxd4 9. exd4 Qc7 10. Ne5 Nb4 11. f4 Nxd3 12. cxd3 Nd7 13. Rc1 Qd8 14. Nef3 a6
15. Qe2 b5 16. Ne5 Nxe5 17. fxe5 Bd7 18. Rf3 Rc8 19. Rxc8 Qxc8 20. Nf1 Qd8 21.
Rh3 f5 22. Qh5 h6 23. Qg6 Qe8 24. Rxh6 Qxg6 25. Rxg6 Rc8 26. Ne3 f4 27. Nd1 Rc2
28. Kf1 Kf7 29. Rg4 g5 30. g3 Rd2 31. Ke1 Rg2 32. Kf1 f3 33. Bc1 Rxh2 34. Nf2
Kg6 35. b4 Kf5 36. Bd2 Rxf2+ 37. Kxf2 Kxg4 38. a3 Be8 39. Be1 Bg6 40. Bc3 Bxd3
41. Bd2 Be4 42. Bc1 Bd8 43. Bd2 Bb6 44. Bc3 Kf5 45. Bb2 g4 46. Ba1 Bc2 47. Ke3
Bd8 48. Bc3 Bg5+ 49. Kf2 Ke4 50. Bb2 Be3+ 0-1

[Event "AUTO-ADV-2102"]
[Site "http://www.queenalice.com/game.php?id=964580"]
[Date "2011.7.25"]
[Round "2"]
[White "sia"]
[Black "cklasa"]
[Result "0-1"]
[WhiteElo "1954"]
[BlackElo "2200"]

1. b3 d5 2. Bb2 c5 3. d3 Nc6 4. g3 e5 5. Bg2 Nf6 6. Nf3 Qc7 7. O-O Bd6 8. Nbd2
O-O 9. e3 b5 10. c4 bxc4 11. bxc4 d4 12. exd4 exd4 13. Nxd4 cxd4 14. Bxd4 Nxd4
15. Bxa8 Bg4 16. Bf3 Nxf3+ 17. Nxf3 Nd7 18. h3 Bxh3 19. Kh2 Bxf1 20. Qxf1 Ne5
21. Nxe5 Bxe5 22. Rd1 Rd8 23. Qg2 Bd4 24. f4 Qa5 25. Rb1 Qh5+ 26. Qh3 Qe2+ 27.
Qg2 Qxd3 28. Rb4 Bb6 29. a4 Qd2 30. Qxd2 Rxd2+ 31. Kh3 f5 32. Rb5 Bg1 33. Rxf5
Rc2 34. c5 Rxc5 35. Rxc5 Bxc5 36. Kg4 Kf7 37. Kf5 g6+ 38. Ke5 h5 39. Ke4 Ke6 40.
a5 a6 41. Kf3 Bb4 42. g4 hxg4+ 43. Kxg4 Kf6 44. Kf3 Kf5 45. Ke3 Bxa5 0-1

[Event "AUTO-ADV-2102"]
[Site "http://www.queenalice.com/game.php?id=964581"]
[Date "2011.7.25"]
[Round "2"]
[White "cklasa"]
[Black "sia"]
[Result "1-0"]
[WhiteElo "2184"]
[BlackElo "1956"]

1. d4 d6 2. e4 e6 3. c4 Be7 4. Nf3 Nf6 5. Nc3 h6 6. Bf4 Bd7 7. Qb3 b6 8. Bd3 O-O
9. e5 dxe5 10. dxe5 Nh7 11. Qc2 f5 12. exf6 Nxf6 13. O-O-O Qc8 14. Ne5 Bd6 15.
Ng6 Rf7 16. Bxd6 cxd6 17. Be4 Nxe4 18. Nxe4 Qc5 19. Nxc5 bxc5 20. Rxd6 Nc6 21.
Rhd1 Nd4 22. Qe4 Rb8 23. R1xd4 cxd4 24. Ne5 Rxf2 25. Rxd7 Rfxb2 26. Rd8+ Rxd8
27. Kxb2 a5 28. Nc6 Rc8 29. Ne7+ Kf7 30. Nxc8 g5 31. c5 Kf6 32. c6 e5 33. c7 Ke6
34. Nb6 d3 35. Qxd3 e4 36. Qxe4+ Kd6 37. c8=Q 1-0

[Event "AUTO-ADV-2102"]
[Site "http://www.queenalice.com/game.php?id=964582"]
[Date "2011.7.25"]
[Round "2"]
[White "Nando_Oliveira"]
[Black "cklasa"]
[Result "0-1"]
[WhiteElo "1938"]
[BlackElo "2205"]

1. e4 c6 2. d4 d5 3. e5 Bf5 4. Nf3 e6 5. a3 Nd7 6. Nc3 Ne7 7. Bd3 Bxd3 8. Qxd3
Nf5 9. Bf4 Be7 10. h3 O-O 11. Qd2 Qb6 12. b4 a5 13. bxa5 Qxa5 14. O-O c5 15.
Rfd1 Nxd4 16. Nxd4 cxd4 17. Qxd4 Rfc8 18. Bd2 Rc4 19. Qe3 Bc5 20. Qg3 Qc7 21.
Re1 f5 22. exf6 Qxg3 0-1

[Event "AUTO-ADV-2102"]
[Site "http://www.queenalice.com/game.php?id=964583"]
[Date "2011.7.25"]
[Round "2"]
[White "cklasa"]
[Black "Nando_Oliveira"]
[Result "1-0"]
[WhiteElo "2172"]
[BlackElo "1945"]

1. d4 d5 2. c4 Nf6 3. cxd5 Qxd5 4. Nc3 Qd8 5. e4 e6 6. Bg5 h6 7. Bxf6 Qxf6 8. e5
Qg5 9. Nf3 Qd8 10. Bb5+ Bd7 11. Bxd7+ Qxd7 12. Qb3 b6 13. O-O Nc6 14. Rfd1 Ne7
15. d5 exd5 16. Nxd5 Nxd5 17. Rxd5 Qe6 18. Nd4 Qg6 19. Qb5+ Ke7 20. Qd7# 1-0

[Event "AUTO-OPEN-2277"]
[Site "http://www.queenalice.com/game.php?id=967600"]
[Date "2011.8.1"]
[Round "2"]
[White "cklasa"]
[Black "Pato"]
[Result "1-0"]
[WhiteElo "2235"]
[BlackElo "2219"]

1. e4 Nc6 2. d4 e5 3. d5 Nce7 4. Nf3 Ng6 5. Nc3 Bc5 6. Bc4 Nf6 7. Bg5 h6 8. Bd2
O-O 9. O-O d6 10. Qe2 Bg4 11. h3 Bxf3 12. Qxf3 c6 13. dxc6 bxc6 14. a3 Rb8 15.
b4 Bd4 16. Rad1 Qc7 17. Ne2 d5 18. Nxd4 exd4 19. exd5 cxd5 20. Bb3 Kh7 21. Qd3
Ne4 22. Qxd4 Rbd8 23. Bxd5 Nxd2 24. Qxd2 a5 25. bxa5 Qc5 26. c4 Ne7 27. Qb4 Qc7
28. Be4+ f5 29. Rxd8 Rxd8 30. Bb7 Nc6 31. Qb6 Qxb6 32. axb6 Na5 33. Bd5 Kg6 34.
b7 Kg5 35. c5 g6 36. c6 h5 37. c7 Nxb7 38. Bxb7 Rf8 39. c8=Q Rxc8 40. Bxc8 Kh4
41. Kh2 f4 42. f3 g5 43. Bg4 hxg4 44. fxg4 f3 45. g3# 1-0

[Event "AUTO-OPEN-2277"]
[Site "http://www.queenalice.com/game.php?id=967601"]
[Date "2011.8.1"]
[Round "2"]
[White "Pato"]
[Black "cklasa"]
[Result "0-1"]
[WhiteElo "2244"]
[BlackElo "2209"]

1. f4 d5 2. Nf3 Nf6 3. b3 Nc6 4. e3 Bg4 5. Bb5 Qd6 6. Bb2 O-O-O 7. O-O e6 8. d3
Qc5 9. Bxc6 Qxe3+ 10. Kh1 bxc6 11. Nbd2 Bd6 12. g3 h5 13. Bd4 Qxd4 14. Nxd4 Bxd1
15. Raxd1 Kd7 16. c4 Ng4 17. Rde1 h4 18. h3 hxg3 19. Kg2 Nf2 20. Kxg3 Nxd3 21.
Re3 Nxf4 22. Rxf4 g5 23. Ne2 gxf4+ 24. Nxf4 Rdg8+ 25. Kf3 e5 26. cxd5 exf4 27.
dxc6+ Kd8 28. Re4 Rxh3+ 29. Kf2 Rh2+ 30. Ke1 Rg1+ 31. Nf1 f3 0-1

[Event "AUTO-OPEN-2277"]
[Site "http://www.queenalice.com/game.php?id=967602"]
[Date "2011.8.1"]
[Round "2"]
[White "cklasa"]
[Black "goldaric"]
[Result "1-0"]
[WhiteElo "2164"]
[BlackElo "2019"]

1. e4 Nf6 2. e5 Nd5 3. c4 Nb6 4. d4 d6 5. f4 Bf5 6. Nf3 e6 7. Nc3 N8d7 8. Bd3 g6
9. Bxf5 gxf5 10. Qe2 h6 11. Be3 Qe7 12. a4 dxe5 13. fxe5 f6 14. a5 Nc8 15. exf6
Qxf6 16. Nd5 Qd8 17. Bf4 Kf7 18. Nxc7 Bb4+ 19. Kf1 Nf6 20. Qxe6+ Kg7 21. Qxf5
Bd6 22. Ne6+ 1-0

[Event "AUTO-OPEN-2277"]
[Site "http://www.queenalice.com/game.php?id=967603"]
[Date "2011.8.1"]
[Round "2"]
[White "goldaric"]
[Black "cklasa"]
[Result "0-1"]
[WhiteElo "2009"]
[BlackElo "2177"]

1. e4 e6 2. d4 d5 3. Bd3 dxe4 4. Bxe4 Nf6 5. Bf3 Bb4+ 6. c3 Be7 7. Bg5 O-O 8.
Ne2 c5 9. O-O cxd4 10. Nxd4 e5 11. Nb5 Nc6 12. Qe2 e4 13. Rd1 exf3 14. Qxf3 Bg4
15. Rxd8 Raxd8 16. Nd2 Bxf3 17. Nxf3 h6 18. Be3 a6 19. Nbd4 Nxd4 20. Bxd4 Nd7
21. Re1 Rfe8 22. b4 Bf6 23. Rd1 Bxd4 24. Nxd4 Nb6 25. Rb1 Na4 26. g3 Nxc3 0-1

[Event "AUTO-ELITE-822"]
[Site "http://www.queenalice.com/game.php?id=981102"]
[Date "2011.9.4"]
[Round "1"]
[White "cklasa"]
[Black "kookaburra"]
[Result "1-0"]
[WhiteElo "2270"]
[BlackElo "2223"]

1. e4 d5 2. exd5 Nf6 3. Bb5+ Bd7 4. Bc4 b5 5. Bb3 a5 6. a3 Bg4 7. f3 Bc8 8. Nc3
Ba6 9. d3 c6 10. dxc6 Nxc6 11. Nge2 Qb6 12. Nd5 Nxd5 13. Bxd5 Bb7 14. Bf4 e6 15.
Bxc6+ Bxc6 16. d4 Be7 17. O-O O-O 18. c3 Rfd8 19. Qc2 Rac8 20. Rfc1 Bf6 21. Rd1
Bd5 22. Qd2 e5 23. Bg5 exd4 24. Bxf6 Qxf6 25. Qxd4 Qe7 26. Qf2 Bb3 27. Rxd8+
Rxd8 28. Nd4 Bc4 29. Nc6 Qd7 30. Nxd8 Qxd8 31. Qd4 Qg5 32. Rd1 h6 33. Qd8+ Kh7
34. Qxg5 hxg5 35. a4 1-0

[Event "AUTO-ELITE-822"]
[Site "http://www.queenalice.com/game.php?id=981103"]
[Date "2011.9.4"]
[Round "1"]
[White "kookaburra"]
[Black "cklasa"]
[Result "0-1"]
[WhiteElo "2234"]
[BlackElo "2259"]

1. Nf3 Nf6 2. c4 c5 3. Nc3 Nc6 4. g3 g6 5. Bg2 Bg7 6. O-O O-O 7. d4 cxd4 8. Nxd4
Qb6 9. Nb3 d6 10. Be3 Qa6 11. c5 d5 12. Nxd5 Nxd5 13. Qxd5 Bxb2 14. Rab1 Rd8 15.
Rxb2 Rxd5 16. Bxd5 Bh3 17. Rd1 Rd8 18. Rbd2 Rxd5 19. Rxd5 Qxe2 20. Bh6 f6 21.
R5d3 Kf7 22. Nc1 Qh5 23. Bf4 e5 24. g4 Qxg4+ 25. Bg3 Nd4 26. f3 Nxf3+ 27. Kf2
Nd4 28. Ke3 Qf3+ 29. Kd2 Qg2+ 30. Kc3 Qc2+ 31. Kb4 a5+ 32. Kxa5 Qxc5+ 0-1

[Event "AUTO-ELITE-822"]
[Site "http://www.queenalice.com/game.php?id=981104"]
[Date "2011.9.4"]
[Round "1"]
[White "cklasa"]
[Black "obiwanmichou"]
[Result "1/2-1/2"]
[WhiteElo "2315"]
[BlackElo "2475"]

1. e4 d5 2. exd5 Qxd5 3. Nc3 Qa5 4. d4 Nf6 5. Nf3 c6 6. Bd2 Bf5 7. Bc4 e6 8. O-O
Qc7 9. Re1 Bd6 10. h3 Nbd7 11. Bg5 O-O 12. Bd3 Bxd3 13. Qxd3 h6 14. Bxf6 Nxf6
15. Ne4 Nxe4 16. Qxe4 Rad8 17. Rad1 Rfe8 1/2-1/2

[Event "AUTO-ELITE-822"]
[Site "http://www.queenalice.com/game.php?id=981105"]
[Date "2011.9.4"]
[Round "1"]
[White "obiwanmichou"]
[Black "cklasa"]
[Result "1/2-1/2"]
[WhiteElo "2479"]
[BlackElo "2308"]

1. e4 c6 2. d4 d5 3. exd5 cxd5 4. c4 Nf6 5. Nc3 e6 6. Nf3 Bb4 7. cxd5 Nxd5 8.
Qc2 Nc6 9. Bd3 Nxd4 10. Nxd4 Nxc3 11. bxc3 Qxd4 12. O-O Qxc3 13. Qa4+ Bd7 14.
Bb5 O-O 15. Bxd7 Qxa1 16. Qxb4 Qxa2 17. Qxb7 a5 18. Bf4 a4 19. Bd6 Rfd8 20. Bc7
Rf8 21. Bd6 Rfd8 22. Bc7 1/2-1/2

[Event "AUTO-ELITE-832"]
[Site "http://www.queenalice.com/game.php?id=987704"]
[Date "2011.9.20"]
[Round "1"]
[White "cklasa"]
[Black "RafaelCabral"]
[Result "1-0"]
[WhiteElo "2313"]
[BlackElo "1948"]

1. c3 e5 2. d4 exd4 3. cxd4 d5 4. Nc3 Bf5 5. Nf3 c6 6. Bg5 Qb6 7. Na4 Bb4+ 8.
Bd2 Qa5 9. Nc3 Nf6 10. a3 Be7 11. e3 O-O 12. Ne4 Qd8 13. Nxf6+ Bxf6 14. Bb4 Re8
15. Bd3 Bg4 16. O-O Nd7 17. h3 Bh5 18. Rc1 1-0

[Event "AUTO-ELITE-832"]
[Site "http://www.queenalice.com/game.php?id=987705"]
[Date "2011.9.20"]
[Round "1"]
[White "RafaelCabral"]
[Black "cklasa"]
[Result "0-1"]
[WhiteElo "1946"]
[BlackElo "2314"]

1. c4 e5 2. d3 Bb4+ 3. Nd2 Nf6 4. g3 d5 5. Bg2 c6 6. cxd5 cxd5 7. Nh3 O-O 8. O-O
Nc6 9. a3 Bc5 10. Nb3 Bb6 11. Ng5 h6 12. Nf3 Bg4 13. h3 Bf5 14. d4 Rc8 15. dxe5
Nxe5 16. Nbd4 Nxf3+ 17. exf3 Qd7 0-1

[Event "AUTO-ELITE-832"]
[Site "http://www.queenalice.com/game.php?id=987706"]
[Date "2011.9.20"]
[Round "1"]
[White "cklasa"]
[Black "GiovanniCosta"]
[Result "1/2-1/2"]
[WhiteElo "2320"]
[BlackElo "2390"]

1. e4 e5 2. Nf3 Nc6 3. Nc3 Nf6 4. Bb5 Bb4 5. O-O O-O 6. d3 d6 7. Bg5 Bxc3 8.
bxc3 Qe7 9. Re1 Nd8 10. d4 Ne6 11. Bc1 c5 12. Bf1 Rd8 13. d5 Nf8 14. Bg5 h6 15.
Bxf6 Qxf6 16. c4 Bg4 17. Re3 Nh7 18. Be2 Bxf3 19. Bxf3 b6 20. Rb1 Qe7 21. Reb3
Qd7 22. Rb5 Nf6 23. Qe1 Ne8 24. Be2 Nf6 25. f3 Ne8 26. Qc1 Rdb8 27. Qd2 Rb7 28.
Ra1 Rab8 29. a4 Nc7 30. Rb2 Kh7 31. Kf2 Qe7 32. g3 Qf6 33. h4 Qe7 34. Rab1 Qd7
35. a5 Na8 36. Rb3 bxa5 37. Qxa5 Nb6 38. Kg2 Kh8 39. Rb5 Kg8 40. Bd3 Kh7 41. Be2
Qe8 42. Bd3 Qc8 43. Qa6 f6 44. h5 Qg8 45. g4 Qe8 46. Kf2 Qd8 47. Kg2 Qe7 48. Kg3
Rg8 49. Rh1 Qf7 50. Rb2 Qd7 51. Ra1 Rc7 52. Qb5 Qe7 53. c3 Rb8 54. Qa6 Qd8
1/2-1/2

[Event "AUTO-ELITE-832"]
[Site "http://www.queenalice.com/game.php?id=987707"]
[Date "2011.9.20"]
[Round "1"]
[White "GiovanniCosta"]
[Black "cklasa"]
[Result "0-1"]
[WhiteElo "2380"]
[BlackElo "2293"]

1. e4 c6 2. d4 d5 3. exd5 cxd5 4. c4 Nf6 5. Nc3 e6 6. Nf3 Bb4 7. cxd5 Nxd5 8.
Bd2 Nc6 9. Bd3 O-O 10. O-O a6 11. Rc1 h6 12. Bb1 Re8 13. a3 Bf8 14. Re1 Nf6 15.
Bf4 g6 16. Ne4 Nxe4 17. Bxe4 Bd7 18. Ne5 Rc8 19. Nc4 f5 20. Bf3 g5 21. Bd6 g4
22. Be2 Ne7 23. Bc5 Ng6 24. Nb6 Rc7 25. Bc4 Nf4 26. Nxd7 Rxd7 27. Qd2 Qg5 28.
Qe3 Bxc5 29. dxc5 Nd5 30. Bb3 Nxe3 0-1

[Event "QA-ANNIV-07"]
[Site "http://www.queenalice.com/game.php?id=992202"]
[Date "2011.10.1"]
[Round "2"]
[White "cklasa"]
[Black "josa23"]
[Result "1-0"]
[WhiteElo "2292"]
[BlackElo "1890"]

1. e4 c5 2. Nf3 Nc6 3. d4 d6 4. d5 Nb8 5. Bb5+ Bd7 6. Nc3 Nf6 7. Qe2 g6 8. O-O
a6 9. Bxd7+ Qxd7 10. e5 dxe5 11. Nxe5 Qd6 12. Nc4 Qd7 13. Nb6 Qd6 14. Nxa8 Nbd7
15. Bg5 Bg7 16. Bh4 1-0